000 00745nam a2200121Ia 4500
008 220615s9999||||xx |||||||||||||| ||und||
100 _aKundu, Santanu||Chattopadhyay, Santanu
245 0 _aNetwork-on-Chip
_bThe Next Generation of System-on-Chip Integration
546 _aEnglish[eng]
650 _aCircuits and Devices||Microelectronics||Computer Engineering||ENG||ElectricalEngineering||SCI-TECH||COMPUTERSCIENCE||INFORMATIONSCIENCE||STM||Architecture Design of Network – on- Chip||Evolution of NoC Architectures||Interconnection Networks in NoC||Reconfigurable Network-on-Chip Design||Santanu Chattopadhyay||Application Mapping on NoC
856 _uhttps://library.oapen.org/bitstream/20.500.12657/41758/4/9781466565265.pdf
942 _cEB
999 _c7797
_d7797